| 000 | 00772cam a2200157 4500500 | ||
|---|---|---|---|
| 005 | 20260111090403.0 | ||
| 041 | _afre | ||
| 042 | _adc | ||
| 100 | 1 | 0 |
_aVallin, Pierre _eauthor |
| 245 | 0 | 0 | _aLe Père Congar en Concile |
| 260 | _c2002. | ||
| 500 | _a66 | ||
| 520 | _aRésuméLe portrait de Marcel Duchamp, inventeur du « ready-made », ne peut pas se réduire à l’évocation d’un artiste thaumaturge et subversif. C’est l’œuvre dans son ensemble qu’il convient d’embrasser du regard, sous ses différentes facettes, les correspondances ne cessant de se donner la réplique. | ||
| 786 | 0 | _nÉtudes | 397 | 12 | 2002-12-01 | p. 696b-700b | 0014-1941 | |
| 856 | 4 | 1 | _uhttps://shs.cairn.info/revue-etudes-2002-12-page-696b?lang=fr&redirect-ssocas=7080 |
| 999 |
_c1618847 _d1618847 |
||